00457nam a2200145Ia 4500008004100000100001500041245007000056245004800126260005900174260000900233300001000242650001800252650001500270856002600285170221s9999 xx 000 0 und d aArshad Ali 4aThe Impact of Indian Dramas on Language and Dressing of Females  cArshad Ali, Ammarah Khalid, Syed Ali Hassan bOnline Journal of Communication and Media Technologies c2012 aX : 1 xCommunication xMedia Arts uhttp://www.ojcmt.net/